El ruso de los perros (Record no. 142870)

MARC details
000 -LEADER
fixed length control field 00604nam a2200205 4500
005 - DATE AND TIME OF LATEST TRANSACTION
control field 20220623110447.0
008 - FIXED-LENGTH DATA ELEMENTS--GENERAL INFORMATION
fixed length control field 180801b mx ||||| |||| 00| 0 spa d
020 ## - INTERNATIONAL STANDARD BOOK NUMBER
International Standard Book Number 9707190280
050 04 - LIBRARY OF CONGRESS CALL NUMBER
Classification number QP26.P35
Item number R87 2002
100 1# - MAIN ENTRY--PERSONAL NAME
Personal name Lozoya, Xavier
245 13 - TITLE STATEMENT
Title El ruso de los perros
Remainder of title : Iván P. Pavlov
Statement of responsibility, etc /Xavier Lozoya
250 ## - EDITION STATEMENT
Edition statement 2a.
260 ## - PUBLICATION, DISTRIBUTION, ETC. (IMPRINT)
Place of publication, distribution, etc México :
Name of publisher, distributor, etc Pangea,
Date of publication, distribution, etc 2002
300 ## - PHYSICAL DESCRIPTION
Extent 108 p. :
Other physical details il.;
Dimensions 21 cm.
490 0# - SERIES STATEMENT
Series statement Viajeros del conocimiento
504 ## - BIBLIOGRAPHY, ETC. NOTE
Bibliography, etc Incluye bibliografias
600 10 - SUBJECT ADDED ENTRY--PERSONAL NAME
Personal name Pavlov, Iván P.
Dates associated with a name 19849-1936
650 #7 - SUBJECT ADDED ENTRY--TOPICAL TERM
Source of heading or term lemb
Topical term or geographic name as entry element Reflejos condicionados
942 ## - ADDED ENTRY ELEMENTS (KOHA)
Source of classification or shelving scheme Biblioteca del Cogreso de los Estados Unidos
Koha item type Libro
Holdings
Estado de pérdida Fuente de clasificación Estado del daño No para préstamo Ubicación permanente Ubicación actual Apartado o colección Fecha de adquisición Edición Dependencia de educación superior (DES) Área del conocimiento Clasificación Código de Barras Date last seen Número de copia Costo por reposición Tipo de recurso
  Biblioteca del Cogreso de los Estados Unidos     Biblioteca de la Preparatoria Isaac Arriaga Biblioteca de la Preparatoria Isaac Arriaga General 01/08/2018 2a ed. Nivel Medio Superior Educación y Humanidades QP26.P35 L69 2002 PIA000000114 01/08/2018 C:1 1.00 Libro